000 00631nam a22002177a 4500
003 BUBTL
008 171025b xxu||||| |||| 00| 0 eng d
020 _a81-7808-801-0
082 _a658.5
_bKAM
100 _91457
_aKrajewski, Lee J.
245 _aOperations Management.
_cKrajewski, Lee J.
250 _a6th
260 _aNew Delhi
_bPearson Education
_c2002
300 _a[xv] , 862p . :
_bill , Graph , Chart ; 22cm .
_cManagement .
500 _aIncludes Index .
650 0 _939
_aManagement
700 _91458
_aKrajewski, Lee J.
856 _k0
_l0
_yDownload
942 _2ddc
_cBK
999 _c5525
_d5525